|
|
|
|
| LEADER |
00000cam a2200000 7i4500 |
| 001 |
0000003228 |
| 005 |
20050323.0 |
| 020 |
0 |
0 |
|a 9834167903
|
| 090 |
0 |
0 |
|a 715
|b AZM
|
| 100 |
0 |
0 |
|a Azmy Hj Mohamed, ,
|d 1954-
|
| 245 |
0 |
0 |
|a Landscaping with bamboo
|c Azmy Hj Mohamed
|
| 260 |
0 |
0 |
|a Kuala Lumpur :
|b Bamboo Venture Enterprise ,
|c 2004
|
| 300 |
|
|
|a xi, 116p. :
|b col. ill., photographs (col.) ;
|c 26cm.
|
| 650 |
0 |
0 |
|a Bamboo
|
| 650 |
0 |
0 |
|a Landscape gardening
|
| 650 |
0 |
0 |
|a Landscape plants
|
| 999 |
|
|
|a 0000006182
|b Monograph
|c Open Shelf
|e Default branch
|
| 999 |
|
|
|a 0000006183
|b Monograph
|c Open Shelf
|e Default branch
|
| 999 |
|
|
|a 0000006184
|b Monograph
|c Open Shelf
|e Default branch
|
| 999 |
|
|
|a 0000006185
|b Monograph
|c Open Shelf
|e Default branch
|
| 999 |
|
|
|a 0000006186
|b Monograph
|c Open Shelf
|e Default branch
|